Saltar al contenido
Inicio
Centros participantes
Catálogo
Servicios
Contacto
Prijava
English
Deutsch
Español
Français
Italiano
日本語
Nederlands
Português
Português (Brasil)
中文(简体)
中文(繁體)
Türkçe
עברית
Gaeilge
Cymraeg
Ελληνικά
Català
Euskara
Русский
Čeština
Suomi
Svenska
polski
Dansk
slovenščina
اللغة العربية
বাংলা
Galego
Tiếng Việt
Hrvatski
हिंदी
Հայերէն
Українська
Sámegiella
Jezik
Vsa polja
Naslov
Avtor
Tema
Signatura
ISBN/ISSN
Oznaka
Išči
Napredno
El Presupuesto de la comunidad...
Citiraj
Pošljite email
Natisni
Izvozi zadetek
Izvozi v RefWorks
Izvozi v EndNoteWeb
Izvozi v EndNote
Dodaj v priljubljene
Enlace Permanente
Agregar primera valuación
El Presupuesto de la comunidad europea
Shranjeno v:
Bibliografske podrobnosti
Korporativna značnica:
Comunidad Europea
Format:
Texto
Izdano:
s.l:
CE
Oznake:
Označite
Brez oznak, prvi označite!
Zaloga
Opis
Komentarji
Podobne knjige/članki
Knjižničarski pogled
MARC
LEADER
00000 a a2200000 04500
001
23079
003
040
020
|a
92-825-5615-8
090
|a
159200
110
|a
Comunidad Europea
245
|a
El Presupuesto de la comunidad europea
260
|a
s.l:
|b
CE
300
|a
72 p
|b
**no definido**
|b
il.
|b
fonodiscos
999
|c
5856
|d
5856
Podobne knjige/članki
El Desafío de la paz en Centroamérica
od: Fernández, Guido
La Política de la administración norteamericana sobre el crecimiento y la deuda en América Latina /Corporación de Investigaciones Económicas para Latinoamerica
od: Taylor, Paul D
El Salvador: Perspectivas de Paz, versión preliminar /
od: Córdova Macías, Ricardo
El Desarrollo social en los años noventa: principales opciones /
Juntos por los caminos de la paz: visita del Presidente de Costa Rica Doctor Oscar Arias Sánchez a México
od: Regidor Mattey, Jorge Emilio